00866nam a2200265Ia 4500003000400000005001700004006001800021007000300039008004100042024001000083037001100093040001800104041001300122100002400135110009400159245008400253260000900337650003400346700002600380700003500406700003400441700009400475942001200569999001900581OSt20220930084808.0a|||||r|||| 00| 0ta220926b |||||||| |||| 00| 0 eng d a86075 cTheses aCRLcCRLbeng 2engaeng aSharma Amit9536972 aUniversity of Delhi. Faculty of Medical Sciences. Department of Forensic Medicine9522462 0aPostmortem study of histopathological findings to determine the age of injuries c2006 aMEDICAL JURISPRUDENCE9522463 a Dr. A. K. Mandal Gu. a Dr. Anil Aggrawal Gu.9534110 a Dr. S. K. Khanna Gu.9532944 aUniversity of Delhi. Faculty of Medical Sciences. Department of Forensic Medicine9522465 cDIS2CC c877786d877786